| 000 | 00771nam a22002417a 4500 | ||
|---|---|---|---|
| 005 | 20250526110114.0 | ||
| 008 | 250526b |||||||| |||| 00| 0 eng d | ||
| 020 | _a978-1-83976-142-3 (pbk) | ||
| 037 | _cTB | ||
| 040 |
_aAL _cAL |
||
| 041 |
_2eng _aeng |
||
| 084 |
_aW:511 R3 _qAL |
||
| 245 |
_aContraventions: _bEditorials from new left review |
||
| 260 |
_aLondon, UK: _bVerso, _c2023. |
||
| 300 | _axix, 396p. | ||
| 365 |
_b25.00 _cUKP |
||
| 650 |
_aPolitical Science _9810576 |
||
| 650 |
_aLibralism _9810577 |
||
| 650 |
_aSocialism _9810578 |
||
| 700 |
_aWatkins, Susan _e.editor _9810579 |
||
| 942 |
_2CC _cTB _hW:511 R3 _n0 |
||
| 999 |
_c1430998 _d1430998 |
||